| 000 | 00476nam a22001697a 4500 | ||
|---|---|---|---|
| 003 | BD-DhUL | ||
| 005 | 20171108151135.0 | ||
| 008 | 171108s1937 pk ||||| |||| 00| 0 per d | ||
| 040 |
_aBD-DhUL _cBD-DhUL |
||
| 082 |
_a891.551 _bBAA |
||
| 100 | 1 | _aباقر، اغا محمد | |
| 245 | 0 |
_aانوار رضوانی / _cاغا محمد باقر |
|
| 260 |
_aلاھور : _b، _c۔۱۹۳۷ |
||
| 300 |
_aص۔ ۱۸۸ ؛ _c۲۴ سم۔ |
||
| 650 | 0 | _aPersian poetry | |
| 942 |
_2ddc _cBK |
||
| 999 |
_c231839 _d231839 |
||